1294 1045 1211 1448 1821 1022 1775 1749 1297 1708 1008 1392 1279 1290 1979 1187 1817 1647 1052 1187 1954 1362 1916 1270 1374 1422 1172 1009 1993 1935 1998 1243 1354 1842 1985 1279 1239 1666 1752 1367 1913 1509 1604 1536 1818 1567 1594 1630 1700 1354 1500 1622 1274 1895 1222 1151 1051 1220 1178 1251 1228 1811 1629 1769 1912 1012 1757 1151 1921 1056 1309 1278 1868 1016 1254 1040 1086 1303 1291 1043 1196 1614 1690 1984 1812 1754 1248 1481 1529 1161 1766 1265 1053 1567 1641 1548 1666 1790 1928 BCNSPRNW ULIB Ver.6.0+V

เปลี่ยนเป็นภาษาไทย

Change to English
 แสดงรายละเอียดบรรณานุกรม
  กลับหน้าหลัก

Brief Record : Get Marc (ISO 2709) : E-mail record : QR code < ปิดหน้าต่าง
LEADER : 00000nam 2200000uu 4500
001    13399119971
003     ULIB
008    120817s2554||||th 000 0 tha d
020    ^a9789747622744
060 04 ^aWB105^bด764c
100 0  ^aดุสิต สถาวร
245 00 ^aCritical Care Medicine MAKE IT EASY/^cดุสิต สถาวร,บรรณาธิการ
260    ^aกรุงเทพฯ :^bสมาคมเวชบำบัดวิกฤตแห่งประเทศไทย,^c2554
300    ^a560 หน้า :^bภาพประกอบ,ตาราง^c26.5ซม.
504    ^aบรรณานุกรม
630 00 ^aเวชบำบัดวิกฤต
630 00 ^aภาวะวิกฤต
650  7 ^aอายุรศาสตร์^vรวมเรื่อง
700 0  ^aอนันต์ วัฒนธรรม
700 0  ^aเอกรินทร์ ภูมิพิเชฐ
945    ^p540^l0^i19236
945    ^p540^l0^i19237
995    ^a เกษร
999    ^aใช้งานได้ทุกระบบ
รายการนี้ยังไม่มีแท็ก
คุณยังไม่ได้ล็อกอิน คุณสามารถมีกิจกรรมร่วมกับเว็บไซต์ได้ แต่ต้องล็อกอินก่อน ::
  ล็อกอิน

รายการสื่อสารสนเทศ

ลำดับที่ ประเภท เลขเรียก/บาร์โค้ด สถานที่ สถานะ
1. วิทยาศาสตร์การแพทย์ และสุขภาพ
หนังสือสำรอง
สถานะ=หนังสือสำรอง
WB105 ด764c ฉ.1 
  Barcode: 19236
ห้องสมุดวิทยาเขตนครสวรรค์
►ส่วนจัดเก็บหนังสือเก่า นว.
บนชั้น
  ขอยืม
2. วิทยาศาสตร์การแพทย์ และสุขภาพ
วิทยาศาสตร์การแพทย์ และสุขภาพ
WB105 ด764c ฉ.2 
  Barcode: 19237
ห้องสมุดวิทยาเขตนครสวรรค์
►ส่วนจัดเก็บหนังสือเก่า นว.
บนชั้น
  ขอยืม

รายการใกล้เคียง
    ผู้แต่ง [ดุสิต สถาวร]

BibComment


ยังไม่เคยถูกคอมเมนท์

คอมเมนท์ทรัพยากรรายการนี้
  คอมเมนท์: Critical Care Me..


 Copyright 2026. Bcnsprnw @Library